|
|
|
|
| LEADER |
00000ny a22000003n 4500 |
| 005 |
20110509150027.0 |
| 007 |
cr|||| |||| |
| 008 |
100414s19922007sp u ss 000 a spa d |
| 035 |
|
|
|a 106
|
| 040 |
|
|
|a BUS
|d vLex
|
| 090 |
|
|
|c 1478
|d 1478
|
| 245 |
0 |
0 |
|a Tribunal de Defensa de la Competencia
|h [Recurso electrn̤ico]
|
| 256 |
|
|
|a Servicio en ln̕ea
|
| 260 |
|
|
|a Barcelona :
|b vLex
|
| 300 |
|
|
|a 1 recurso electrn̤ico
|
| 500 |
|
|
|a Esta fuente contiene las resoluciones del Tribunal de Defensa de la Competencia hasta la fecha 31/08/2007, a partir de esta fecha las funciones de este tribunal las asumi ̤la Comisin̤ de la Defensa Competencia
|
| 500 |
|
|
|a Completa base de datos con todas las resoluciones emanadas del Tribunal de Defensa de la Competencia desde el 1-1-1993. Incluye: - Expedientes Sancionadores - Autorizaciones Singulares - Medidas Cautelares - Recursos contra actos del SDC Elaboracin̤: Editorial vLex
|
| 506 |
1 |
|
|a Contenido solo disponible en los productos indicados
|d vLex Global
|d vLex Global (Academic Edition, excluding Law Schools)
|d vLex Global (U.S. Academic Edition, Law Schools)
|d vLex Global (U.S. Academic Edition, excluding Law Schools)
|d vLex Global (Academic Edition, Law Schools)
|
| 610 |
1 |
4 |
|a Espaą.
|b Tribunal de Defensa de la Competencia
|
| 650 |
|
|
|a Sentencias
|z Espaą
|x Publicaciones perid̤icas
|
| 650 |
|
|
|a Tribunales
|z Espaą
|x Publicaciones perid̤icas
|
| 740 |
0 |
|
|a vLex Jurisprudencia (Servicios en ln̕ea)
|
| 785 |
0 |
0 |
|a Comisin̤ Nacional de la Competencia
|w 2959
|
| 843 |
|
|
|a Electrn̤ica. Abierta
|
| 853 |
|
|
|8 1
|i (year)
|j (month)
|k (day)
|
| 856 |
4 |
0 |
|z Acceso restringido
|u http://vlex.com/source/tribunal-defensa-competencia-106
|
| 942 |
|
|
|c TR
|
| 999 |
0 |
|
|a Jurisprudence
|b Spain
|